1689 1585 1122 1751 1931 1541 1999 1013 1715 1088 1728 1650 1405 1668 1586 1718 1727 1288 1150 1000 1917 1025 1073 1892 1058 1649 1474 1561 1739 1767 1602 1599 1787 1177 1926 1017 1718 1758 1082 1579 1630 1928 1528 1983 1717 1591 1233 1646 1075 1957 1000 1844 1018 1509 1251 1241 1317 1985 1657 1110 1717 1692 1891 1971 1161 1969 1902 1880 1414 1019 1478 1546 1429 1639 1498 1459 1452 1164 1489 1309 1061 1813 1089 1883 1081 1168 1163 1354 1245 1679 1743 1958 1289 1537 1256 1430 1123 1281 1935 BCNSPRNW ULIB Ver.6.0+V

เปลี่ยนเป็นภาษาไทย

Change to English
 แสดงรายละเอียดบรรณานุกรม
  กลับหน้าหลัก

Brief Record : Get Marc (ISO 2709) : E-mail record : QR code < ปิดหน้าต่าง
LEADER : 00000nam 2200000uu 4500
001    13399110840
003     ULIB
008    110609s2552||||th 000 0 tha d
020    9789742355517
060 04 WS141^bด764A 2552
245 00 Advances in pediatrics /^cบรรณาธิการ, ดุสิต สถาวร, ฤดีวิไล สามโกเศศ, สมศักดิ์ โล่ห์เลขา
250    พิมพ์ครั้งที่ 1
260    กรุงเทพฯ :^bราชวิทยาลัยกุมารแพทย์แห่งประเทศไทยสมาคมกุมารแพทย์แห่งประเทศไทย,^c2552
300    xii, 328 หน้า :^bภาพประกอบ ;^c28 ซม.
500 หน ังสือเล่มนี้เนื้อส่วนใหญ่มาจากหัวข้อการบรรยายของคณาจารย์กุมารแพทย์ผู้เชี่ยวชาญจากอนุสาขาต่างๆในการประชุมใหญ่กุมารเวชศาสตร์แห่งประเทศไทยครั้งที่ 67 และ 68 ประจำปี 2552
650  7 กุมารเวชศาสตร์
650  7 การดูแลสุขภาพ^xในวัยทารกและเด็ก
700 0  ดุสิต สถาวร,^eบรรณาธิการ
700 0  ฤดีวิไล สามโกเศศ,^eบรรณาธิการ
700 0  สมศักดิ์ โล่ห์เลขา,^eบรรณาธิการ
710 2  ราชวิทยาลัยกุมารแพทย์แห่งประเทศไทย
710 2  สมาคมกุมารแพทย์แห่งประเทศไทย
945    ^p380^l0^i028230
945    ^p380^l0^i028229
945    ^p380^l0^i028228
995    ทศพร
999 ^a ใช้งานได้ทุกระบบ
รายการนี้ยังไม่มีแท็ก
คุณยังไม่ได้ล็อกอิน คุณสามารถมีกิจกรรมร่วมกับเว็บไซต์ได้ แต่ต้องล็อกอินก่อน ::
  ล็อกอิน

รายการสื่อสารสนเทศ

ลำดับที่ ประเภท เลขเรียก/บาร์โค้ด สถานที่ สถานะ
- ไม่พบข้อมูล -

รายการใกล้เคียง
    หัวเรื่อง [กุมารเวชศาสตร์]

BibComment


ยังไม่เคยถูกคอมเมนท์

คอมเมนท์ทรัพยากรรายการนี้
  คอมเมนท์: Advances in pedia..


 Copyright 2026. Bcnsprnw @Library